000 00936cad a22002055a 4500
001 E148881
008 091120e20091113xxk f 000 0 eng d
035 _a(Sirsi) u148881
041 0 _aeng
110 1 _aRoyal Institution of Chartered Surveyors
_94900
245 0 0 _aHave your say
_bhow does energy efficiency influence valuation?
_h[electronic resource]
260 _c2009
490 0 _aRICS Press Release
520 _aDiscusses a web-based survey which is underway, with the aim of quantifying the property market's sensitivity and establishing how energy-efficient and sustainable properties influence property valuation practice. Invites RICS members to take part in the survey.
590 _aKA
651 4 _aEurope
690 _aPROPERTY-PROPERTY APPRAISAL AND VALUATION
856 4 0 _uhttps://www.rics.org/site/scripts/news_article.aspx?newsID=1016
_zView the press release free of charge at www.rics.org...
942 _n0
999 _c81987
_d81987